00299nam a2200133Ia 45000030006000000080041000060400015000471000021000622450026000832500010001092600017001195460012001360050017001480STCL150530s9999 xx 000 0 und d aSTCLcSTCL aSir William, F.B aCharles George Gordon aFirst bMacmillanc0 aEnglish20220125171413.0